000 00875nam a2200241 a 4500
001 000025561
005 20200930023858.0
008 110216s1977 sp r 000 | spa d
020 _a8474323169
040 _aDO-SdBNP
_bspa
_cBNPHU
041 _aspa
_heng
_2Código de idioma MARC
082 _axxx
_bC244d
240 0 _aDemocratic capitalism?
_lEspañol
245 1 0 _a¿Qué es el capitalismo democratico? :
_besclarecedores ensayos para una definición de este polémico tema /
_ccompilación Fred E. Baumann; traducción Emilio Lloveras.
260 _aBarcelona :
_bGedisa,
_c1977.
300 _a207 p. ;
_c22 cm.
490 1 _aLa Sociedad en Cuestión
534 _aTítulo original :
_tDemocratic capitalism?
700 1 _aLloveras, Emilio,
_etr.
_952233
700 1 _aBaumann, Fred E. ,
_ecomp.
_952234
830 0 _aLa Sociedad en Cuestión
_947358
049 _aBNGR
999 _c25053
_d25053